Top 15 Oklahoma City Thunder/Supersonics players of all-time - Statistics

General Stats
  • This quiz has been taken 21 times
  • The average score is 9 of 15
Answer Stats
Pos/Placement Answer % Correct
PG #2 Russell Westbrook
100%
PG #3 Gary Payton
94%
SF #1 Kevin Durant
94%
C #9 Shawn Kemp
94%
SG #12 James Harden
88%
C #14 Serge Ibaka
69%
C #8 Jack Sikma
63%
PG #5 Dennis Johnson
56%
SG #4 Ray Allen
56%
C #7 Tom Chambers
38%
PG #13 Gus Williams
31%
SG #10 Dale Ellis
25%
PF #11 Rashard Lewis
25%
PF #6 Spencer Haywood
25%
SF #15 Xavier McDaniel
13%
No matching quizzes found
Score Distribution
Percent of People with Each Score
Percentile by Number Answered
Your Score History
You have not taken this quiz